Le bruit de fond des composants actifs semi-conducteurs.

Bibliographic Details
Corporate Author: International Conference on Noise in Active Semiconductor Devices Toulouse
Other Authors: Lagasse, J., Martin, J. C., professeur
Format: Conference Proceeding Book
Language:French
English
Published: Paris : Editions du Centre national de la recherche scientifique, 1972.
Series:Colloques internationaux du Centre national de la recherche scientifique ; no 204.
Subjects:

MARC

Tag First Indicator Second Indicator Subfields
LEADER 00000cam a22000001 4500
001 in00000093058
005 20150925085131.0
008 730927s1972 fr a b 10000 fre
010 |a  73347060  
015 |a F*** 
035 |a (OCoLC)00726294 
035 |9 AAL1632AM 
037 |c 82.40F 
040 |a DLC  |c DLC  |d TXA  |d UtOrBLW 
041 0 |a fre  |a eng 
049 |a TXAM  |c [1371515] 
050 0 0 |a TK7871.85  |b .I5764 1971 
082 0 |a 621.3815/2 
090 |a TK7871.85  |b .I5764 
111 2 |a International Conference on Noise in Active Semiconductor Devices  |d (1971 :  |c Toulouse) 
245 1 3 |a Le bruit de fond des composants actifs semi-conducteurs. 
264 1 |a Paris :  |b Editions du Centre national de la recherche scientifique,  |c 1972. 
300 |a 291 pages :  |b illustrations ;  |c 30 cm. 
336 |a text  |b txt  |2 rdacontent 
337 |a unmediated  |b n  |2 rdamedia 
338 |a volume  |b nc  |2 rdacarrier 
490 1 |a Colloques internationaux du Centre national de la recherche scientifique, no 204 
500 |a "Actes du Colloque ... organise ... a Toulouse du 21 au 23 septembre 1971, par J. Lagasse ... et ... J. C. Martin." 
500 |a Text and summaries in French or English. 
504 |a Includes bibliographies. 
650 0 |a Semiconductors  |x Noise  |x Congresses. 
700 1 |a Lagasse, J. 
700 1 |a Martin, J. C.,  |c professeur. 
830 0 |a Colloques internationaux du Centre national de la recherche scientifique ;  |v no 204. 
999 |a MARS 
999 f f |s 3683202d-da9f-304d-9842-38fdaeec7cc7  |i 3a5bba26-7749-3dfa-927c-83c3b30d038a  |t 0 
952 f f |p ric  |a Texas A&M University  |b Rellis Campus  |c Joint Library Facility  |d Remote Storage  |t 0  |e TK7871.85 .I5764  |h Library of Congress classification  |i unmediated -- volume  |m A14805501951 
998 f f |a TK7871.85 .I5764  |t 0  |l Remote Storage